| 000 | 01067cam a22003013a 4500 | ||
|---|---|---|---|
| 001 | 23233 | ||
| 003 | PGUSA | ||
| 005 | 20140828083508.0 | ||
| 008 | 071029s2007||||xxu|||||s|||||000 | eng d | ||
| 040 |
_aPGUSA _beng |
||
| 042 | _adc | ||
| 050 | 4 | _aPR | |
| 100 | 1 |
_aWollstonecraft, Mary, _d1759-1797 |
|
| 245 | 1 | 0 |
_aPosthumous Works of the Author of A Vindication of the Rights of Woman _h[electronic resource] / _cMary Wollstonecraft |
| 260 |
_bProject Gutenberg, _c2007 |
||
| 506 | _aPublic domain in the USA. | ||
| 516 | _aElectronic text | ||
| 653 | _aWomen -- Social and moral questions -- Early works to 1800 | ||
| 653 | _aAuthors, English -- 18th century -- Correspondence | ||
| 653 | _aFeminism -- Literary collections | ||
| 653 | _aFeminists -- Great Britain -- Correspondence | ||
| 653 | _aWollstonecraft, Mary, 1759-1797 -- Correspondence | ||
| 653 | _aWomen's rights -- Early works to 1800 | ||
| 700 | 1 |
_aGodwin, William, _d1756-1836 |
|
| 830 | 0 |
_aProject Gutenberg _v23233 |
|
| 856 | 4 | 0 | _uhttp://www.gutenberg.org/ebooks/23233 |
| 942 | _cEB | ||
| 999 |
_c252488 _d252488 |
||